|
|
|
|
| LEADER |
01306nam a2200385 a 4500 |
| 001 |
000529929 |
| 003 |
CZ BrMZK |
| 005 |
20040507094221.0 |
| 007 |
ta |
| 008 |
010907s2000 xr e cze d |
| 015 |
|
|
|a cnb000974131
|
| 020 |
|
|
|a 80-902242-7-X
|
| 035 |
|
|
|a (OCoLC)45491267
|
| 040 |
|
|
|a BOA001
|b cze
|
| 041 |
1 |
|
|a cze
|a eng
|
| 043 |
|
|
|a e-xr---
|b e-xr-jm
|2 czenas
|
| 072 |
|
7 |
|a 355/359
|x Vojenství. Obrana země. Ozbrojené síly
|2 Konspekt
|9 15
|
| 080 |
|
|
|a 355.48(437.3)
|2 MRF
|
| 080 |
|
|
|a (036)
|2 MRF
|
| 080 |
|
|
|a 725.945
|2 MRF
|
| 100 |
1 |
|
|a Hanák, Jaromír
|7 jn20001103755
|4 aut
|
| 245 |
1 |
0 |
|a Mohyla míru a bitva u Slavkova /
|c [text Jaromír Hanák]
|
| 246 |
1 |
|
|a Mohyla míru a slavkovská bitva
|
| 246 |
3 |
4 |
|a Cairn of peace and the Battle of Austerlitz
|
| 250 |
|
|
|a 1. vyd.
|
| 260 |
|
|
|a Brno :
|b Ave,
|c 2000
|
| 300 |
|
|
|a 24 s. :
|b il. (některé barev.) ;
|c 22 cm
|
| 500 |
|
|
|a Náz. a text též angl.
|
| 650 |
0 |
7 |
|a Slavkov u Brna, bitva, 1805
|7 ph118085
|2 czenas
|
| 650 |
0 |
7 |
|a památníky
|7 ph115661
|z Česko
|2 czenas
|
| 655 |
|
7 |
|a informační publikace
|7 fd132454
|2 czenas
|
| 910 |
|
|
|a BOA001
|b 2-1076.123
|
| 967 |
|
|
|a Slavkov u Brna
|b Vyškov
|c cz-ms
|
| 990 |
|
|
|a BK
|
| 996 |
6 |
|
|b 2610120112
|c 2-1076.123
|l MZK
|r Sklad / do 1 hodiny
|n 31
|p p.v.
|w 000529929
|u 000010
|a 1
|e BOA001
|j MZK50
|s P
|